00775nam a2200205 i 450000100060000000300090000600500170001500700030003200800390003502000180007408000320009224501680012425000120029226000840030430000350038861000610042370000270048470000360051185200220054713662ES-MaACL20230906150633.0t|970807s1996 sp ||||0| spa a84-605-5987-4 a726.54(460.188 Sepúlveda)03aEl Santuario y el camarín de la Virgen de la Peña de Sepúlveda /cestudio introductorio de Antonio Linage Conde ; Marta Alvargonzález Terrero ... [et al.]. a1ª ed. aSepúlveda : bHermandad de Nuestra Señora de la Virgen de la Peña,c1996. a389 p. : bil. col. ; c24 cm.24aSantuario de Nuestra Señora de la Virgen de la Peña.1 aLinage Conde, Antonio.1 aAlvargonzález Terrero, Marta. aES-MaACLjL-21030